000 00208nam a2200085Ia 4500
008 120527s9999 xx 000 0 und d
100 _aVersion & Weiter
245 _aPsychology:themes of variations
942 _cBK
999 _c27484
_d27484